Riadenie zmien v podniku bakalárska práca

Na minha lista:
Detalhes bibliográficos
Autor principal: Tomová, Sofia
Autor Corporativo: Fakulta podnikového manažmentu EU. Katedra manažmentu
Outros Autores: Papulová, Emília
Formato: Livro
Idioma:eslovaco
Publicado em: Bratislava 2018
Tags: Adicionar Tag
Sem tags, seja o primeiro a adicionar uma tag!

MARC

LEADER 00000nbm a2200000 4500
001 0244732
005 20180918145005.1
041 0 |a slo 
044 |a SK 
245 1 0 |a Riadenie zmien v podniku  |b bakalárska práca  |c Sofia Tomová ; školiteľ: Emília Papulová 
264 1 |a Bratislava  |c 2018 
300 |a 61 s. 
100 1 |a Tomová, Sofia 
700 1 |a Papulová, Emília 
710 2 |a Fakulta podnikového manažmentu EU. Katedra manažmentu